| 000 | 01030nab a2200229 i 4500 | ||
|---|---|---|---|
| 001 | 768714001 | ||
| 003 | CO-MdFUSB | ||
| 005 | 20240801155420.0 | ||
| 008 | 240801t1993 -us||||| |||| 00| 0 eng d | ||
| 040 |
_bspa _cCO-MdFUSB _dCO-MdFUSB |
||
| 041 | _aeng | ||
| 100 |
_aWestmeier, Karl-Wilhelm, _d1939- _eautor |
||
| 245 |
_aThemes of pentecostal expansion in Latin America _c/ Karl-Wilhelm Westmeier |
||
| 520 | _aEn este artículo, se analiza las dimensiones sociopolíticas del pentecostalismo y se discute la relación entre el Espíritu Santo y la Iglesia, especialmente tal como aparece en la literatura periódica. | ||
| 546 | _aTexto en inglés. | ||
| 650 | 0 |
_aPentecostalismo _9142 |
|
| 650 | 7 |
_aPluralismo religioso _9446 |
|
| 650 | 7 |
_aReligión y política _9286 |
|
| 773 | 0 |
_049483 _982867 _oR2731 _tInternational Bulletinof Missionary Research _w(CO-MdFUSB)768714001 _x0272-6122 _gVolumen 17, (número 2, 1993), páginas: 62 - 65 _qpágina: 62 |
|
| 942 | _cANA | ||
| 945 | _aCatherine Arias Álvarez - Practicante SENA | ||
| 999 |
_c70705 _d70705 |
||